000
00496nam a2200145Ia 4500
008
100122s9999 xx 000 0 und d
082
_b
1991
_a
823
100
_a
फाटक गणेश कृष्ण
245
_a
देशाचे ज्ञानदीप
260
_b
विनायक अण्णाराव घैसास
_c
1928
300
_a
92
630
_a
देशाचे ज्ञानदीप
730
_a
देशाचे ज्ञानदीप
942
_c
BOOK
999
_c
396506
_d
396503